003730000a22001210004500090001700000245007500017041001400092700003300106100003700139942001300176773004500189999001700234 aASbSeriadas10aEfectos de la Turnera ulmifolia sobre aparato genital del raton hembra0 aEspañol1 aAragón S., Jorge A.9994561 aEscobar B., Martha Isabel999457 cARTICULO1 tCespedesia3124h27-28q161-190d1978g7 c15019d15019